000 00864cab a2200253 4500
001 WB2836-30
008 090401t1992 xxu||||| |||| 00| 0 eng d
035 _a(Sirsi) u12585
041 _aeng
245 _aLandlords loosen grip
260 _c1992
350 _a0
490 _aEstates Gazette
_v(9236) 12 September 1992, 34(1)
520 _aHard evidence is emerging of a widespread change of approach towards lease terms by landlords. Research suggests that 95% of commercial property investors have stopped insisting on 25-year leases and that the `clear-lease` is increasingly under pressure.
650 _a25-YEAR LEASES
650 _aCLEAR LEASES
650 _aLEASE REFORM
650 _aLEASE TERMS
650 _aLEASES
650 _aRICHARDS BUTLER
690 _aLANDLORD AND TENANT-BUSINESS TENANCIES
942 _n0
948 _c04/03/1997
999 _c8044
_d8044